00471nam a2200157Ia 4500020001800000082002200018100002400040245006400064260004200128300001400170504003900184650002500223650003100248650001500279650001900294 a9788170547204 a011.4220954 DAS-W aDas, Sudhir Chandra 0aWork-life balance practices of insurance companies in India aNew DelhibClassical Publishingc2017 axxv, 299p aIncludes Bibliography and Appendix aStatistical analysis aInsurance companieszIndia aANOVA test aData reliblity